000 00656nam a2200181Ia 4500
008 151202s9999||||xx |||||||||||||| ||und||
082 _bPNVM-46942
100 _aढसाळ नामदेव.
245 _aसर्व काही समष्टीसाठी.
260 _b"परममित्र पब्लिकेशन ,ठाणे."
260 _c2006
300 _a184
600 _aढसाळ नामदेव.
630 _aसर्व काही समष्टीसाठी.
700 _aढसाळ नामदेव.
730 _aसर्व काही समष्टीसाठी.
942 _cBOOK
999 _c1312892
_d1312889